[Event "Ottawa Closed"]
[Site "Ottawa CAN"]
[Date "2002.11.17"]
[Round "4"]
[White "Voloaca, Mihnea"]
[Black "Saleh, Maher"]
[Result "1/2-1/2"]
[WhiteElo "2280"]
[BlackElo "2324"]
[PlyCount "85"]
[EventDate "2002.10.06"]
[EventType "tourn"]
[EventRounds "5"]
[EventCountry "CAN"]

1. d4 Nf6 2. c4 g6 3. Nf3 Bg7 4. Nc3 d5 5. Bg5 dxc4 6. e4 c5 7. d5 b5 8. e5 b4
9. exf6 exf6 10. Qe2+ Kf8 11. Be3 bxc3 12. Bxc5+ Kg8 13. bxc3 Ba6 14. Nd4 h6
15. Qf3 Qe8+ 16. Be2 Nd7 17. Bd6 Ne5 18. Bxe5 fxe5 19. Nc6 Bb5 20. Rb1 Bxc6 21.
dxc6 e4 22. Qe3 Qxc6 23. Rb4 Kh7 24. Rxc4 Qd5 25. O-O Rhc8 26. Qxe4 Qxe4 27.
Rxe4 Re8 28. Bf3 Rxe4 29. Bxe4 Rc8 30. Bd5 Rxc3 31. Bxf7 Rc2 32. h4 Bd4 33. g3
Kg7 34. Bb3 Rd2 35. Kg2 h5 36. a4 Bb6 37. Bc4 Rc2 38. Bb5 Ra2 39. Kf3 Kf6 40.
Be8 Kg7 41. Bc6 Kf6 42. Bb5 Kg7 43. Be8 1/2-1/2

[Event "Ottawa Closed"]
[Site "Ottawa CAN"]
[Date "2002.10.20"]
[Round "5"]
[White "Barclay, Wayne"]
[Black "Davies, Alex"]
[Result "1-0"]
[WhiteElo "2299"]
[BlackElo "2233"]
[PlyCount "121"]
[EventDate "2002.10.06"]
[EventType "tourn"]
[EventRounds "5"]
[EventCountry "CAN"]

1. d4 d6 2. Nf3 Bg4 3. g3 g6 4. Bg2 Bg7 5. h3 Bxf3 6. Bxf3 Qc8 7. O-O Nf6 8.
Bg2 O-O 9. e4 Na6 10. Nc3 c5 11. e5 Ne8 12. Nd5 Qd7 13. Bg5 f6 14. exf6 Nxf6
15. Re1 Rae8 16. Nxf6+ exf6 17. Be3 b6 18. Qd3 Qc8 19. c3 Nc7 20. Bf4 Rxe1+ 21.
Rxe1 Re8 22. Rd1 Kh8 23. Bxd6 cxd4 24. cxd4 Rd8 25. Bf4 Nd5 26. Bd2 f5 27. Qb3
Qd7 28. Bg5 Bf6 29. Bxf6+ Nxf6 30. d5 Ne8 31. Re1 Nd6 32. Re6 Kg8 33. Qe3 Kf8
34. Qe5 Qg7 35. Qxg7+ Kxg7 36. Re7+ Kf6 37. Rxa7 Ne4 38. Rxh7 Rxd5 39. Bxe4
fxe4 40. Rb7 Rd6 41. Kf1 Ke5 42. Ke2 Rf6 43. h4 Kd4 44. Rd7+ Ke5 45. Rc7 Kd4
46. Rc3 Re6 47. g4 Ke5 48. h5 Kf4 49. h6 g5 50. Rh3 Re8 51. h7 Rh8 52. Rh2 b5
53. a3 Kxg4 54. Ke3 Kf5 55. b3 Ke5 56. Rh5 Kf5 57. a4 bxa4 58. bxa4 Kg6 59. Rh2
Kg7 60. a5 Ra8 61. h8=Q+ 1-0

[Event "Ottawa Closed"]
[Site "Ottawa CAN"]
[Date "2002.12.01"]
[Round "5"]
[White "Saleh, Maher"]
[Black "Hergott, Deen"]
[Result "1/2-1/2"]
[WhiteElo "2324"]
[BlackElo "2479"]
[PlyCount "22"]
[EventDate "2002.10.06"]
[EventType "tourn"]
[EventRounds "5"]
[EventCountry "CAN"]

1. Nf3 d6 2. d4 g6 3. g3 Bg7 4. Bg2 Nf6 5. c4 O-O 6. O-O c6 7. Nc3 Qa5 8. e4
Bg4 9. h3 Bxf3 10. Bxf3 Nfd7 11. Be3 Qb4 1/2-1/2

[Event "Ottawa Closed"]
[Site "Ottawa CAN"]
[Date "2002.12.01"]
[Round "5"]
[White "Valdizon, Armando"]
[Black "Voloaca, Mihnea"]
[Result "0-1"]
[WhiteElo "2300"]
[BlackElo "2280"]
[PlyCount "106"]
[EventDate "2002.10.06"]
[EventType "tourn"]
[EventRounds "5"]
[EventCountry "CAN"]

1. Nf3 e6 2. g3 f5 3. b3 Nf6 4. Bg2 Be7 5. Bb2 O-O 6. O-O d6 7. c4 Qe8 8. d4
Qh5 9. Nbd2 Nc6 10. Re1 Bd7 11. e4 f4 12. e5 Ng4 13. h3 Nh6 14. g4 Qg6 15. Nh2
dxe5 16. Be4 Qe8 17. dxe5 Rd8 18. Qc2 g6 19. a3 Nf7 20. Nhf3 a5 21. Rad1 Kg7
22. Bd3 Nh6 23. Ne4 Ng8 24. g5 Bc8 25. h4 Qf7 26. Nf6 Bc5 27. h5 Nge7 28. h6+
Kh8 29. Re4 Nf5 30. Rxf4 Ne3 31. Qe2 Nxd1 32. Qxd1 Ne7 33. b4 axb4 34. axb4
Bxb4 35. Nd5 Qxf4 36. Nxf4 Rxf4 37. Bc1 Rxc4 38. Bb2 b6 39. Nd4 Rcxd4 40. Bxd4
Rxd4 41. Qf3 Ng8 42. Bb5 Rd8 43. Qf7 Bf8 44. Be8 Nxh6 45. gxh6 Rd1+ 46. Kh2
Bxh6 47. Qxc7 Ba6 48. Bd7 Bf4+ 49. Kg2 Bf1+ 50. Kf3 Bg5 51. Bxe6 h5 52. Qf7
Rd3+ 53. Ke4 Rd8 0-1

[Event "Ottawa Reserves"]
[Site "Ottawa CAN"]
[Date "2002.10.06"]
[Round "1"]
[White "De Kerpel, Stijn"]
[Black "Patterson, Roger"]
[Result "1/2-1/2"]
[WhiteElo "2078"]
[BlackElo "2236"]
[PlyCount "67"]
[EventDate "2002.10.06"]
[EventType "tourn"]
[EventRounds "6"]
[EventCountry "CAN"]

1. c4 c5 2. Nc3 Nf6 3. g3 e6 4. Nf3 b6 5. Bg2 Bb7 6. O-O a6 7. d3 Be7 8. e4 d6
9. Re1 Nbd7 10. Bf4 O-O 11. h3 Rc8 12. g4 Bc6 13. a4 Qc7 14. Bg3 Rfd8 15. Nh2
Qb7 16. f4 Ne8 17. f5 Nc7 18. fxe6 fxe6 19. Nd5 Bf8 20. Nxc7 Qxc7 21. g5 Ne5
22. Ng4 Nxg4 23. Qxg4 e5 24. g6 hxg6 25. Qxg6 Qf7 26. Qxf7+ Kxf7 27. Rf1+ Kg8
28. Bh4 Re8 29. Bf3 Be7 30. Bg3 Bd7 31. Bg4 Bxg4 32. hxg4 a5 33. Kg2 Rf8 34.
Rxf8+ 1/2-1/2

[Event "Ottawa Reserves"]
[Site "Ottawa CAN"]
[Date "2002.10.06"]
[Round "1"]
[White "Gelblum, Robert"]
[Black "Djerkovic, Miladin"]
[Result "0-1"]
[WhiteElo "2201"]
[BlackElo "2169"]
[PlyCount "62"]
[EventDate "2002.10.06"]
[EventType "tourn"]
[EventRounds "6"]
[EventCountry "CAN"]

1. e4 c5 2. Nf3 e6 3. c3 d5 4. exd5 exd5 5. d4 Nc6 6. Be2 Bd6 7. O-O Nge7 8.
dxc5 Bxc5 9. Nbd2 O-O 10. Nb3 Bb6 11. Nbd4 Bg4 12. Be3 Re8 13. Re1 Rc8 14. Bb5
a6 15. Be2 Bxf3 16. Bxf3 Ne5 17. Be2 Nc4 18. Bxc4 dxc4 19. Qg4 Ng6 20. f4 Rc7
21. Rad1 Rce7 22. Nf5 Rxe3 23. Nxe3 Bxe3+ 24. Rxe3 Qb6 25. Rd4 Rxe3 26. f5 Nf8
27. Kf1 Qxb2 28. f6 Qb1+ 29. Rd1 Qg6 30. Qxg6 hxg6 31. fxg7 Kxg7 0-1

[Event "Ottawa Reserves"]
[Site "Ottawa CAN"]
[Date "2002.10.06"]
[Round "1"]
[White "Hum, Peter"]
[Black "Predescu, Sebastian"]
[Result "1/2-1/2"]
[WhiteElo "2234"]
[BlackElo "2207"]
[PlyCount "67"]
[EventDate "2002.10.06"]
[EventType "tourn"]
[EventRounds "6"]
[EventCountry "CAN"]

1. d4 Nf6 2. c4 g6 3. Nc3 Bg7 4. e4 d6 5. f3 O-O 6. Nge2 e5 7. Bg5 Nbd7 8. Qd2
c6 9. d5 Nb6 10. Ng3 Qc7 11. Rc1 c5 12. Bd3 a6 13. O-O Rb8 14. a3 Bd7 15. f4
Ng4 16. f5 f6 17. h3 fxg5 18. hxg4 h6 19. Qe2 Na4 20. Nd1 b5 21. b3 bxc4 22.
Bxc4 Nb6 23. Bd3 Qa7 24. Kh1 Nc8 25. Bc4 Ne7 26. a4 a5 27. Ne3 Qc7 28. Qd3 Rbe8
29. Ne2 h5 30. Ng3 hxg4 31. Rc2 gxf5 32. exf5 e4 33. Qe2 Bd4 34. Nxg4 1/2-1/2

[Event "Ottawa Reserves"]
[Site "Ottawa CAN"]
[Date "2002.10.13"]
[Round "2"]
[White "Arsenault, Michel"]
[Black "De Kerpel, Stijn"]
[Result "0-1"]
[WhiteElo "2115"]
[BlackElo "2078"]
[PlyCount "92"]
[EventDate "2002.10.06"]
[EventType "tourn"]
[EventRounds "6"]
[EventCountry "CAN"]

1. c4 c5 2. g3 Nc6 3. Bg2 g6 4. e3 Bg7 5. Ne2 e5 6. Nbc3 d6 7. O-O Nge7 8. b3
Be6 9. Bb2 O-O 10. Ne4 f5 11. Ng5 Bc8 12. f4 h6 13. Nh3 Rb8 14. Nc3 a6 15. Nd5
Be6 16. Rb1 Kh7 17. d3 Bf7 18. Qd2 Nxd5 19. cxd5 Nb4 20. d4 e4 21. dxc5 Bxb2
22. Qxb4 dxc5 23. Qd2 Ba3 24. Rfd1 Qd6 25. Nf2 Rfe8 26. g4 Rbd8 27. Qc3 Bxd5
28. Bh3 Qe6 29. Kh1 Qf7 30. Rg1 Be6 31. Rg2 Bb4 32. Qa1 Bd2 33. Rbg1 Bxe3 34.
gxf5 Bxf5 35. Rxg6 Bxg6 36. f5 Bh5 37. Bg4 Bxg4 38. Nxg4 Bg5 39. h4 Qh5 40.
Nf6+ Bxf6 41. Qxf6 Qf3+ 42. Rg2 Rd1+ 43. Kh2 Qf4+ 44. Rg3 Rd2+ 45. Kh3 Qf1+ 46.
Kg4 Rg8+ 0-1

[Event "Ottawa Reserves"]
[Site "Ottawa CAN"]
[Date "2002.10.13"]
[Round "2"]
[White "Patterson, Roger"]
[Black "Hum, Peter"]
[Result "1/2-1/2"]
[WhiteElo "2236"]
[BlackElo "2234"]
[PlyCount "42"]
[EventDate "2002.10.06"]
[EventType "tourn"]
[EventRounds "6"]
[EventCountry "CAN"]

1. e4 c5 2. Nf3 e6 3. d4 cxd4 4. Nxd4 a6 5. Bd3 Bc5 6. Nb3 Be7 7. O-O d6 8. f4
Qc7 9. Nc3 Nf6 10. e5 Nfd7 11. exd6 Bxd6 12. f5 Nf6 13. Bg5 Bxh2+ 14. Kh1 Be5
15. Bxf6 gxf6 16. Qg4 Nc6 17. Nc5 Ne7 18. Qa4+ Kf8 19. N5e4 exf5 20. Nd2 Bd7
21. Qh4 Rg8 1/2-1/2

[Event "Ottawa Reserves"]
[Site "Ottawa CAN"]
[Date "2002.10.13"]
[Round "2"]
[White "Predescu, Sebastian"]
[Black "Gelblum, Robert"]
[Result "1-0"]
[WhiteElo "2207"]
[BlackElo "2201"]
[PlyCount "93"]
[EventDate "2002.10.06"]
[EventType "tourn"]
[EventRounds "6"]
[EventCountry "CAN"]

1. d4 e6 2. Nf3 b6 3. Bf4 Bb7 4. Nbd2 f5 5. e3 Nf6 6. Bd3 Be7 7. h3 O-O 8. O-O
Ne4 9. Bh2 d6 10. c3 Nd7 11. Qb3 d5 12. c4 Kh8 13. Rac1 c5 14. Bxe4 fxe4 15.
Ne5 Nxe5 16. Bxe5 Rc8 17. dxc5 Bxc5 18. Qc3 Qg5 19. Bf4 Qg6 20. b4 Be7 21. Qb2
Bf6 22. Be5 Bxe5 23. Qxe5 Rf5 24. Qd6 h6 25. c5 bxc5 26. Rxc5 Rcf8 27. Nb3 R8f7
28. Rc7 Rxc7 29. Qxc7 Ba6 30. b5 Bxb5 31. Qb8+ Be8 32. Rc1 Rf8 33. Rc8 Qf7 34.
Kh2 Kg8 35. Nd4 a6 36. Qd6 Qxf2 37. Nxe6 Qf6 38. Qxf8+ Qxf8 39. Nxf8 Kxf8 40.
Ra8 Ke7 41. Rxa6 Bb5 42. Ra7+ Kf6 43. a4 Bc4 44. Kg3 g5 45. a5 Ke5 46. a6 Kd6
47. Rh7 1-0

[Event "Ottawa Reserves"]
[Site "Ottawa CAN"]
[Date "2002.10.20"]
[Round "3"]
[White "Djerkovic, Miladin"]
[Black "Predescu, Sebastian"]
[Result "1-0"]
[WhiteElo "2169"]
[BlackElo "2207"]
[PlyCount "91"]
[EventDate "2002.10.06"]
[EventType "tourn"]
[EventRounds "6"]
[EventCountry "CAN"]

1. d4 Nf6 2. Nf3 g6 3. Nc3 d5 4. Bf4 c6 5. e3 Bg7 6. Be2 O-O 7. Ne5 Nfd7 8. Nf3
Qb6 9. a3 f6 10. O-O e5 11. dxe5 fxe5 12. Bg3 Re8 13. e4 d4 14. Na4 Qd8 15. b4
Nb6 16. c3 N8d7 17. Qb3+ Kh8 18. Nb2 c5 19. Rac1 Qe7 20. cxd4 exd4 21. Bd3 cxb4
22. axb4 Ne5 23. Nxe5 Bxe5 24. Bxe5+ Qxe5 25. Qf7 Qe7 26. Qxe7 Rxe7 27. Nc4 Be6
28. f3 Bxc4 29. Bxc4 Kg7 30. Rfd1 Rc7 31. Bb3 Rxc1 32. Rxc1 Rc8 33. Rxc8 Nxc8
34. Kf1 Kf6 35. f4 Ne7 36. Ke2 Nc6 37. e5+ Ke7 38. b5 Nb4 39. g4 a5 40. f5 gxf5
41. gxf5 b6 42. f6+ Ke8 43. Kd2 Kf8 44. e6 Ke8 45. e7 a4 46. Bd1 1-0

[Event "Ottawa Reserves"]
[Site "Ottawa CAN"]
[Date "2002.10.20"]
[Round "3"]
[White "Gelblum, Robert"]
[Black "Patterson, Roger"]
[Result "1/2-1/2"]
[WhiteElo "2201"]
[BlackElo "2236"]
[PlyCount "70"]
[EventDate "2002.10.06"]
[EventType "tourn"]
[EventRounds "6"]
[EventCountry "CAN"]

1. e4 c5 2. Nf3 e6 3. d3 d5 4. Nbd2 Nf6 5. g3 Nc6 6. Bg2 Be7 7. O-O b6 8. Re1
Bb7 9. exd5 exd5 10. d4 O-O 11. c3 cxd4 12. Nxd4 Nxd4 13. cxd4 Re8 14. a3 Qd7
15. Nf3 Ne4 16. Ne5 Qf5 17. f3 Nd6 18. g4 Qf6 19. Be3 Nc4 20. f4 Rac8 21. Qe2
Qd6 22. Bf2 f6 23. Nxc4 Rxc4 24. f5 Rcc8 25. Bg3 Qd7 26. Qe6+ Qxe6 27. Rxe6 Kf7
28. Rae1 Bf8 29. Rxe8 Rxe8 30. Rxe8 Kxe8 31. Bb8 Kd7 32. Kf2 Bd6 33. Bxd6 Kxd6
34. Bf1 Bc6 35. b3 Be8 1/2-1/2

[Event "Ottawa Reserves"]
[Site "Ottawa CAN"]
[Date "2002.10.20"]
[Round "3"]
[White "Hum, Peter"]
[Black "Arsenault, Michel"]
[Result "1/2-1/2"]
[WhiteElo "2234"]
[BlackElo "2115"]
[PlyCount "90"]
[EventDate "2002.10.06"]
[EventType "tourn"]
[EventRounds "6"]
[EventCountry "CAN"]

1. d4 Nf6 2. Bg5 Ne4 3. Bf4 c5 4. f3 Qa5+ 5. c3 Nf6 6. Nd2 cxd4 7. Nb3 Qb6 8.
Qxd4 Nc6 9. Qxb6 axb6 10. Be3 d5 11. Bxb6 e5 12. g3 Bf5 13. Bf2 Be7 14. Bh3 Bg6
15. e3 O-O 16. Ne2 Na5 17. Nxa5 Rxa5 18. O-O Rfa8 19. a3 Bc2 20. Rac1 Bb3 21.
Bf5 Ne8 22. Bc2 Bc4 23. Rfe1 Rb5 24. b4 Rb6 25. a4 Rc6 26. Rcd1 Nf6 27. Nc1
Rac8 28. Bf5 Ra8 29. Bc2 g6 30. b5 Rc7 31. g4 h6 32. Bg3 Bd6 33. Kf2 Rd8 34. h3
Kg7 35. Bh4 Ba3 36. Nd3 Bxd3 37. Rxd3 Bb2 38. Red1 Rxc3 39. Rxc3 Bxc3 40. Rd3
d4 41. Bxf6+ Kxf6 42. Ke2 h5 43. Rd1 Rh8 44. Be4 b6 45. Rf1 g5 1/2-1/2

[Event "Ottawa Reserves"]
[Site "Ottawa CAN"]
[Date "2002.11.03"]
[Round "4"]
[White "Arsenault, Michel"]
[Black "Gelblum, Robert"]
[Result "0-1"]
[WhiteElo "2115"]
[BlackElo "2201"]
[PlyCount "94"]
[EventDate "2002.10.06"]
[EventType "tourn"]
[EventRounds "6"]
[EventCountry "CAN"]

1. c4 e5 2. g3 Nf6 3. Bg2 c6 4. d4 exd4 5. Qxd4 d5 6. cxd5 cxd5 7. Nf3 Nc6 8.
Qa4 Bb4+ 9. Bd2 Be7 10. Nc3 O-O 11. Be3 Bb4 12. Nd4 Bxc3+ 13. bxc3 Ne5 14. O-O
h6 15. h3 Nc4 16. Bc1 Re8 17. Kh2 Bd7 18. Qb3 Na5 19. Qc2 Rc8 20. f3 Qc7 21. e4
Qxc3 22. Qxc3 Rxc3 23. Bd2 Ra3 24. Nc2 Ra4 25. Bc3 Rc4 26. Bxf6 Rxc2 27. Bd4
Nc6 28. Bf2 dxe4 29. fxe4 b6 30. Rad1 Ne5 31. Bd4 Bb5 32. Rf5 Be2 33. Ra1 Nc6
34. Be3 Bd3 35. Rf2 Rxf2 36. Bxf2 Bxe4 37. Rc1 Bxg2 38. Kxg2 Re6 39. a4 Kf8 40.
Ra1 Na5 41. Be1 Nc4 42. Kf2 Ke8 43. Bc3 f6 44. g4 Re3 45. Re1 Rxe1 46. Kxe1 Kd7
47. h4 Ne5 0-1

[Event "Ottawa Reserves"]
[Site "Ottawa CAN"]
[Date "2002.11.03"]
[Round "4"]
[White "De Kerpel, Stijn"]
[Black "Hum, Peter"]
[Result "1/2-1/2"]
[WhiteElo "2078"]
[BlackElo "2234"]
[PlyCount "37"]
[EventDate "2002.10.06"]
[EventType "tourn"]
[EventRounds "6"]
[EventCountry "CAN"]

1. e4 d6 2. Nc3 Nf6 3. g3 e5 4. Bg2 Be7 5. d3 c6 6. Nge2 O-O 7. O-O b5 8. a3 a6
9. h3 d5 10. exd5 cxd5 11. Bg5 Be6 12. d4 e4 13. Nf4 Nc6 14. Nxe6 fxe6 15. f3
Rc8 16. fxe4 dxe4 17. Nxe4 Qxd4+ 18. Qxd4 Nxd4 19. Bxf6 1/2-1/2

[Event "Ottawa Reserves"]
[Site "Ottawa CAN"]
[Date "2002.11.03"]
[Round "4"]
[White "Patterson, Roger"]
[Black "Djerkovic, Miladin"]
[Result "0-1"]
[WhiteElo "2236"]
[BlackElo "2169"]
[PlyCount "54"]
[EventDate "2002.10.06"]
[EventType "tourn"]
[EventRounds "6"]
[EventCountry "CAN"]

1. e4 e5 2. Nf3 Nc6 3. Bb5 a6 4. Ba4 Nf6 5. O-O Be7 6. Re1 b5 7. Bb3 d6 8. c3
O-O 9. h3 Nd7 10. d4 Nb6 11. Nbd2 exd4 12. cxd4 Nb4 13. Nf1 c5 14. a3 Nc6 15.
Bc2 cxd4 16. Nxd4 Nxd4 17. Qxd4 Bf6 18. Qd3 g6 19. Ne3 Be6 20. Rd1 Be5 21. Ng4
Bxg4 22. hxg4 Qh4 23. f4 Bg7 24. Qf3 Rac8 25. Bb3 Na4 26. Rxd6 Qe1+ 27. Kh2
Rxc1 0-1

[Event "Ottawa Reserves"]
[Site "Ottawa CAN"]
[Date "2002.11.10"]
[Round "5"]
[White "Djerkovic, Miladin"]
[Black "Arsenault, Michel"]
[Result "1/2-1/2"]
[WhiteElo "2169"]
[BlackElo "2115"]
[PlyCount "121"]
[EventDate "2002.10.06"]
[EventType "tourn"]
[EventRounds "6"]
[EventCountry "CAN"]

1. e4 g6 2. d4 d6 3. Nc3 Bg7 4. Bg5 c6 5. Qd2 Nd7 6. f4 Qb6 7. O-O-O a5 8. Nf3
Qc7 9. a4 Nb6 10. e5 f6 11. Bh4 Bg4 12. Be2 Nh6 13. exf6 exf6 14. d5 O-O 15.
dxc6 bxc6 16. Qxd6 Qxd6 17. Rxd6 Rac8 18. Bf2 Nf7 19. Rd2 Rb8 20. Nd4 Bxe2 21.
Rxe2 Rfc8 22. Ne6 Bh6 23. Bd4 Nd7 24. g3 Nd6 25. b3 c5 26. Bf2 c4 27. Kb2 cxb3
28. cxb3 Nc4+ 29. Ka2 Nd2 30. Rxd2 Rxc3 31. Rb1 Re8 32. Re1 Re7 33. Kb2 Rc8 34.
Nd4 Rxe1 35. Bxe1 f5 36. Nxf5 gxf5 37. Rxd7 Bg7+ 38. Rxg7+ Kxg7 39. Bxa5 Re8
40. Bc3+ Kf7 41. Be5 Ke6 42. b4 Kd5 43. Kb3 Rc8 44. a5 Rc1 45. Ka4 Kc6 46. b5+
Kc5 47. a6 Rc4+ 48. Ka5 Rc2 49. Bd6+ Kxd6 50. Kb6 Rxh2 51. a7 Ra2 52. Kb7 Kc5
53. a8=Q Rxa8 54. Kxa8 Kxb5 55. Kb7 Kc5 56. Kc7 Kd5 57. Kd7 h5 58. Ke7 Ke4 59.
Kf6 Kf3 60. Kxf5 Kxg3 61. Kg6 1/2-1/2

[Event "Ottawa Reserves"]
[Site "Ottawa CAN"]
[Date "2002.11.10"]
[Round "5"]
[White "Gelblum, Robert"]
[Black "De Kerpel, Stijn"]
[Result "1-0"]
[WhiteElo "2201"]
[BlackElo "2076"]
[PlyCount "105"]
[EventDate "2002.10.06"]
[EventType "tourn"]
[EventRounds "6"]
[EventCountry "CAN"]

1. d4 Nf6 2. c4 d5 3. cxd5 Qxd5 4. Nc3 Qa5 5. Bd2 c6 6. Nf3 g6 7. e4 Qd8 8. h3
Bg7 9. Be2 O-O 10. O-O b5 11. a3 a6 12. Be3 Bb7 13. Qc2 Nbd7 14. e5 Nd5 15.
Nxd5 cxd5 16. Qd2 Nb6 17. b3 Nd7 18. Ne1 e6 19. Bh6 Qb6 20. Bxg7 Kxg7 21. f4 f6
22. Nf3 a5 23. Kh1 b4 24. a4 Ba6 25. Rac1 Rac8 26. Qe3 f5 27. Kh2 h6 28. Bxa6
Qxa6 29. g4 fxg4 30. hxg4 Rxc1 31. Rxc1 Rc8 32. f5 exf5 33. gxf5 gxf5 34. Rg1+
Kh7 35. Qf4 Qe2+ 36. Rg2 Qe4 37. Ng5+ hxg5 38. Qxg5 Qxg2+ 39. Qxg2 Nb6 40. Qh3+
Kg6 41. Qg3+ Kf7 42. Qd3 Rc6 43. Qxf5+ Ke7 44. Qh7+ Ke6 45. Qg6+ Kd7 46. Qf7+
Kc8 47. e6 Rc2+ 48. Kg3 Rc3+ 49. Kg4 Rxb3 50. e7 Re3 51. e8=Q+ Rxe8 52. Qxe8+
Kb7 53. Qb5 1-0

[Event "Ottawa Reserves"]
[Site "Ottawa CAN"]
[Date "2002.11.10"]
[Round "5"]
[White "Predescu, Sebastian"]
[Black "Patterson, Roger"]
[Result "1/2-1/2"]
[WhiteElo "2207"]
[BlackElo "2236"]
[PlyCount "64"]
[EventDate "2002.10.06"]
[EventType "tourn"]
[EventRounds "6"]
[EventCountry "CAN"]

1. e4 c5 2. Nf3 e6 3. d4 cxd4 4. Nxd4 a6 5. Bd3 d6 6. c4 Nf6 7. Nc3 Be7 8. O-O
O-O 9. Be3 b6 10. f3 Bb7 11. Qe2 Nbd7 12. Rfd1 Rc8 13. Rac1 Re8 14. Qf2 Bf8 15.
Nc2 Qc7 16. Na4 Nc5 17. Nxc5 bxc5 18. Bf4 Bc6 19. h3 Nd7 20. Ne3 Ne5 21. Ng4
Ng6 22. Bh2 Be7 23. f4 h5 24. Ne3 Bf6 25. b3 Bd4 26. Kh1 Qb7 27. Qe2 Bxe4 28.
Nc2 Bc6 29. Bxg6 fxg6 30. Nxd4 cxd4 31. Rxd4 d5 32. c5 Qb5 1/2-1/2

[Event "Ottawa Reserves"]
[Site "Ottawa CAN"]
[Date "2002.11.18"]
[Round "6"]
[White "Arsenault, Michel"]
[Black "Predescu, Sebastian"]
[Result "0-1"]
[WhiteElo "2115"]
[BlackElo "2207"]
[PlyCount "90"]
[EventDate "2002.10.06"]
[EventType "tourn"]
[EventRounds "6"]
[EventCountry "CAN"]

1. c4 g6 2. g3 Bg7 3. Bg2 d6 4. e4 c5 5. Ne2 Nc6 6. Nbc3 e6 7. d3 Nge7 8. O-O
O-O 9. Be3 Nd4 10. Rb1 Rb8 11. b4 b6 12. a4 Bb7 13. Nb5 Nxe2+ 14. Qxe2 Nc6 15.
Rfd1 a6 16. Na3 Nxb4 17. d4 Qc7 18. d5 exd5 19. exd5 Qd7 20. Nc2 Na2 21. Bd2
Qxa4 22. Qd3 Bc8 23. Re1 b5 24. cxb5 axb5 25. Ne3 b4 26. Nc4 Ba6 27. Bf1 Bxc4
28. Qxc4 Rfe8 29. Qa6 Qxa6 30. Bxa6 Rxe1+ 31. Bxe1 Bc3 32. Kf1 Bxe1 33. Kxe1
Nc3 34. Rc1 Nxd5 35. Rd1 Nc3 36. Rxd6 b3 37. Rc6 b2 38. Bd3 b1=Q+ 39. Bxb1
Rxb1+ 40. Kd2 Ne4+ 41. Ke3 Re1+ 42. Kf4 Nxf2 43. h4 Nd3+ 44. Kg5 Kg7 45. Rc7 h5
0-1

[Event "Ottawa Reserves"]
[Site "Ottawa CAN"]
[Date "2002.11.11"]
[Round "6"]
[White "De Kerpel, Stijn"]
[Black "Djerkovic, Miladin"]
[Result "0-1"]
[WhiteElo "2078"]
[BlackElo "2169"]
[PlyCount "68"]
[EventDate "2002.10.06"]
[EventType "tourn"]
[EventRounds "6"]
[EventCountry "CAN"]

1. c4 c5 2. Nc3 Nf6 3. e4 Nc6 4. g3 g6 5. Bg2 Bg7 6. Nge2 d6 7. O-O O-O 8. d3
e6 9. a3 Rb8 10. Rb1 a6 11. b4 cxb4 12. axb4 b5 13. cxb5 axb5 14. d4 d5 15.
exd5 Nxd5 16. Nxd5 exd5 17. Be3 Bf5 18. Rb2 Re8 19. Qd2 Be4 20. f3 Bf5 21. Kh1
h5 22. Rc1 Qd7 23. Bf2 Kh7 24. Rc3 Ra8 25. h4 Rxe2 26. Qxe2 Nxd4 27. Qd2 Ne6
28. Rcb3 Bxb2 29. Rxb2 Ra3 30. Kh2 d4 31. Qd1 Qd5 32. Be1 Qe5 33. Qd2 d3 34.
Qf2 Ra1 0-1

[Event "Ottawa Reserves"]
[Site "Ottawa CAN"]
[Date "2002.11.17"]
[Round "6"]
[White "Hum, Peter"]
[Black "Gelblum, Robert"]
[Result "1-0"]
[WhiteElo "2234"]
[BlackElo "2201"]
[PlyCount "97"]
[EventDate "2002.10.06"]
[EventType "tourn"]
[EventRounds "6"]
[EventCountry "CAN"]

1. d4 Nf6 2. c4 g6 3. f3 c5 4. d5 d6 5. e4 Bg7 6. Nc3 O-O 7. Nge2 e6 8. Ng3
exd5 9. cxd5 a6 10. a4 Nbd7 11. Be2 Qc7 12. O-O Rb8 13. Be3 h5 14. Qd2 c4 15.
Rfc1 Ne5 16. h3 b5 17. axb5 axb5 18. b4 Qe7 19. Ra5 Bd7 20. Bg5 Rfc8 21. Nh1
Qe8 22. Nf2 Nh7 23. Bh6 Bh8 24. Kh1 Qe7 25. Be3 Qh4 26. Kg1 Qf6 27. Ra3 Be8 28.
f4 Nd7 29. Rd1 Qe7 30. Bd4 Ndf6 31. Bf3 Bd7 32. Ra7 Qd8 33. Re1 Ra8 34. Rxa8
Rxa8 35. e5 Ne8 36. e6 Bxd4 37. Qxd4 Qe7 38. f5 Nef6 39. Nfe4 gxf5 40. Ng3 fxe6
41. dxe6 Ra3 42. Nxf5 Qe8 43. Nxd6 Qe7 44. Nf5 Qe8 45. Nd5 Qf8 46. exd7 Rd3 47.
Nde7+ Kf7 48. Qe5 Qd8 49. Qe6+ 1-0

[Event "Ottawa Reserves"]
[Site "Ottawa CAN"]
[Date "2002.12.01"]
[Round "7"]
[White "Hum, Peter"]
[Black "Djerkovic, Miladin"]
[Result "1/2-1/2"]
[WhiteElo "2234"]
[BlackElo "2169"]
[PlyCount "21"]
[EventDate "2002.10.06"]
[EventType "tourn"]
[EventRounds "6"]
[EventCountry "CAN"]

1. e4 c5 2. Nf3 e6 3. d4 cxd4 4. Nxd4 a6 5. Nc3 b5 6. Bd3 Qb6 7. Nb3 Qc7 8. O-O
Nf6 9. Be3 Bb7 10. a3 d6 11. f4 1/2-1/2

[Event "Ottawa Reserves"]
[Site "Ottawa CAN"]
[Date "2002.12.01"]
[Round "7"]
[White "Patterson, Roger"]
[Black "Arsenault, Michel"]
[Result "1/2-1/2"]
[WhiteElo "2236"]
[BlackElo "2115"]
[PlyCount "49"]
[EventDate "2002.10.06"]
[EventType "tourn"]
[EventRounds "6"]
[EventCountry "CAN"]

1. e4 c5 2. Nf3 e6 3. d4 cxd4 4. Nxd4 Nf6 5. Nc3 d6 6. f4 Nc6 7. Be3 Be7 8. Qf3
O-O 9. O-O-O Qc7 10. g4 a6 11. g5 Nd7 12. h4 Nc5 13. Kb1 b5 14. Bd3 Bd7 15. h5
Nxd4 16. Bxd4 b4 17. Ne2 e5 18. Be3 exf4 19. Nxf4 Be6 20. Bxc5 Qxc5 21. Nxe6
fxe6 22. Qg4 Qxg5 23. Qxe6+ Kh8 24. Rhf1 Rf6 25. Rxf6 1/2-1/2

[Event "Ottawa Reserves"]
[Site "Ottawa CAN"]
[Date "2002.12.01"]
[Round "7"]
[White "Predescu, Sebastian"]
[Black "De Kerpel, Stijn"]
[Result "1-0"]
[WhiteElo "2207"]
[BlackElo "2078"]
[PlyCount "85"]
[EventDate "2002.10.06"]
[EventType "tourn"]
[EventRounds "6"]
[EventCountry "CAN"]

1. e4 c5 2. Nf3 d6 3. d4 cxd4 4. Nxd4 Nf6 5. Nc3 a6 6. Bc4 e6 7. Bb3 b5 8. f4
Bb7 9. f5 e5 10. Nde2 Nbd7 11. Bg5 Be7 12. Bxf6 Nxf6 13. Qd3 Rc8 14. O-O h5 15.
Nd5 Bxd5 16. Bxd5 Nxd5 17. exd5 Qc7 18. c3 h4 19. b3 Bg5 20. Kh1 O-O 21. g3
hxg3 22. Nxg3 Bf4 23. Ne4 f6 24. Qh3 Kf7 25. Qh5+ Ke7 26. Rg1 Rf7 27. Rg2 Rcf8
28. Qe2 Qb6 29. Rf1 Qe3 30. Qc2 Qh3 31. Nf2 Qh5 32. Qe4 Rc8 33. Nd3 Bg5 34. c4
Kf8 35. Nb4 bxc4 36. bxc4 Rfc7 37. Nc6 Qe8 38. Rb1 Rxc6 39. dxc6 Rxc6 40. Rgb2
Rc8 41. Qd5 Qc6 42. Qxc6 Rxc6 43. Rb8+ 1-0

[Event "Outaouais-ch"]
[Site "Gatineau CAN"]
[Date "2002.04.23"]
[Round "1"]
[White "Arsenault, Michel"]
[Black "Villeneuve, Luc"]
[Result "1-0"]
[WhiteElo "2114"]
[BlackElo "1830"]
[PlyCount "65"]
[EventDate "2002.04.23"]
[EventType "tourn"]
[EventRounds "6"]
[EventCountry "CAN"]

1. c4 d6 2. g3 e5 3. Bg2 f5 4. Nc3 Nf6 5. e3 c6 6. d4 e4 7. d5 c5 8. f3 exf3 9.
Nxf3 h6 10. O-O g5 11. e4 Bg7 12. exf5 O-O 13. h3 Bxf5 14. Nxg5 Qd7 15. Ne6
Bxe6 16. dxe6 Qxe6 17. Nd5 Qd7 18. Bxh6 Nc6 19. Nxf6+ Rxf6 20. Rxf6 Bxf6 21.
Bd5+ Kh8 22. Qh5 Qe8 23. Bf7 Qe5 24. Bg5+ Kg7 25. Qg6+ Kf8 26. Bf4 Qd4+ 27. Kh1
Ne5 28. Bxe5 Bxe5 29. Rf1 Ke7 30. Bd5 Rh8 31. Rf7+ Kd8 32. Qg5+ Kc8 33. Qf5+
1-0